| 000 | 00472nam a2200181Ia 4500 | ||
|---|---|---|---|
| 003 | GCL | ||
| 008 | 140319s9999 xx 000 0 eng d | ||
| 040 |
_aGCL / _cGCL |
||
| 082 | 0 | 4 |
_a380.1 _bA M |
| 100 | 1 | _aADCOCK, DENNIS | |
| 245 | 1 | 0 |
_aMARKETING PRINCIPLES AND PRACTICE / _cADCOCK, DENNIS |
| 260 |
_a[S.N] : _bPITMAN PUBLISHING ، _c1993 |
||
| 300 | _a386 P | ||
| 650 | 0 | 4 | _aMARKETING |
| 650 | 0 | 4 | _aMARKETING - RESEARCH |
| 650 | 0 | 4 | _aNEW PRODUCTS |
| 942 |
_2ddc _cBK |
||
| 999 |
_c16070 _d16070 |
||